000
00285nam a2200121Ia 4500
008
190216s9999||||xx |||||||||||||| ||und||
100
_a
Thakazhi
245
0
_a
Anubhavangal Paalichakal
260
_b
D C Books Kerala
_c
1976
300
_a
187p
650
_a
Malayalam Novel
942
_c
BK
999
_c
27358
_d
27358